All at sea on variations (Record no. 64968)

MARC details
000 -LEADER
fixed length control field 01114cam a2200217 4500
001 - CONTROL NUMBER
control field ABS62943
008 - FIXED-LENGTH DATA ELEMENTS--GENERAL INFORMATION
fixed length control field 000000n2000 000 0 eng u
035 ## - SYSTEM CONTROL NUMBER
System control number (Sirsi) u108821
100 ## - MAIN ENTRY--PERSONAL NAME
Personal name Rawstron, A.
245 ## - TITLE STATEMENT
Title All at sea on variations
260 ## - PUBLICATION, DISTRIBUTION, ETC.
Date of publication, distribution, etc. 2000
490 ## - SERIES STATEMENT
Series statement Construction News
Volume/sequential designation (6686) 5 October 2000, 30(1)
520 ## - SUMMARY, ETC.
Summary, etc. Offers advice on how to go about making changes to, or renegotiating, a contract. For instance, while contracts may be varied by consent, it is imperative the agreement is properly evidenced. It is also advisable to fulfil existing obligations pending the adjustment of obligations. Finally, threatening to suspend performance before the conclusion of a deal is not advisable and may mean that any subsequent agreement is void. Looks at "DSND v Petroleum Geo-Services (PGS)" which illustrates some of these points.
590 ## - LOCAL NOTE (RLIN)
Local note ABS
650 ## - SUBJECT ADDED ENTRY--TOPICAL TERM
Topical term or geographic name entry element DSND V PETROLEUM GEO-SERVICES (PGS)
650 ## - SUBJECT ADDED ENTRY--TOPICAL TERM
Topical term or geographic name entry element BUILT ENVIRONMENT-BUILDING CONTRACT FORMS
650 ## - SUBJECT ADDED ENTRY--TOPICAL TERM
Topical term or geographic name entry element RENEGOTIATION
650 ## - SUBJECT ADDED ENTRY--TOPICAL TERM
Topical term or geographic name entry element VARIATIONS
690 ## - LOCAL SUBJECT ADDED ENTRY--TOPICAL TERM (OCLC, RLIN)
Topical term or geographic name as entry element BUILT ENVIRONMENT-BUILDING CONTRACT FORMS
942 ## - ADDED ENTRY ELEMENTS (KOHA)
Suppress in OPAC 0
Holdings
Withdrawn status Lost status Source of classification or shelving scheme Damaged status Not for loan Home library Current library Shelving location Date acquired Total Checkouts Full call number Barcode Date last seen Copy number Price effective from Koha item type
    Dewey Decimal Classification     London London Journal article 17/10/2000   ABS62943 108821-1001 06/08/2019 1 06/08/2019 Journal article